000 00405pab a2200157 454500
008 180718b2013 xxu||||| |||| 00| 0 eng d
100 _aSarkar, Juthika
245 _aOrganizational transformation: Role of academia
260 _c2013
300 _ap.79-86.
362 _aJan-Mar
650 _aOrganizations
773 _aIndian Journal of Training and Development
908 _aN
909 _a101265
999 _c101264
_d101264